| 000 | 00671nam a2200205Ia 4500 | ||
|---|---|---|---|
| 001 | 8686 | ||
| 003 | GE_BSU | ||
| 008 | 181216s||||||||xx |||||||||||||| ||und|| | ||
| 040 | _cGE_BSU | ||
| 080 | _a821.353.1-32 | ||
| 100 | _aიოსელიანი,ოტია. | ||
| 245 | _aრჩეული თხზულებანი ორ ტომად. ტ.1 | ||
| 245 | _cრედ:ნ.იაშვილი;მხატვ:დ.დუნდუა | ||
| 260 | _aთბილისი. | ||
| 260 | _bსაბჭ.საქართველო | ||
| 260 | _c1989. | ||
| 300 | _a544გვ;ილ;20სმ. | ||
| 653 | _aთხზულებანი | ||
| 942 | _cBK | ||
| 999 |
_c42000 _d42000 |
||